[Event "Budapest Spring op 19th"]
[Site "Budapest"]
[Date "2003.03.20"]
[Round "7"]
[White "Gritsch, Christoph"]
[Black "Winfridsson, Ola"]
[Result "0-1"]
[WhiteElo "2205"]
[BlackElo "2038"]
[PlyCount "73"]
[EventDate "2003.03.14"]
[EventType "swiss"]
[EventRounds "9"]
[EventCountry "HUN"]
[SourceTitle "CBM 093 Extra"]
[Source "ChessBase"]
[SourceDate "2003.05.09"]
[SourceVersion "1"]
[SourceVersionDate "2003.05.09"]
[SourceQuality "1"]

1. e4 c6 2. d4 d5 3. e5 Bf5 4. Nc3 e6 5. g4 Bg6 6. Nge2 f6 7. Nf4 fxe5 8. Nxg6 hxg6 9. dxe5 Nd7 10. Bf4 Qb6 11. Qd3 0-0-0 12. 0-0-0 Bb4 13. Ne2 Ne7 14. Nd4 c5 15. c3 cxd4 16. cxb4 Rdf8 17. Qd2 Nc6 18. Bg3 Nxb4 19. Kb1 Qa5 20. a3 Nc6 21. Qc2 Qb6 22. Qxg6 Nc5 23. Qc2 Rf3 24. Bd3 Ne4 25. Bxe4 dxe4 26. Ka1 d3 27. Qc4 Qd4 28. Qxe6+ Kb8 29. Rhe1 d2 30. Re3 Rd8 31. Rxf3 exf3 32. Qb3 Qe4 33. Qe3 Qc2 34. e6+ Ka8 35. Qxf3 Nd4 36. e7 Rc8 37. Qf8 0-1

[Event "Boeblingen op 19th"]
[Site "Boeblingen"]
[Date "2002.12.29"]
[Round "7"]
[White "Gasthofer, Alexander"]
[Black "Gritsch, Christoph"]
[Result "1-0"]
[WhiteElo "2302"]
[BlackElo "2201"]
[PlyCount "51"]
[EventDate "2002.12.26"]
[EventType "swiss"]
[EventRounds "9"]
[EventCountry "GER"]
[SourceTitle "EXT 2004"]
[Source "ChessBase"]
[SourceDate "2003.11.25"]
[SourceVersion "1"]
[SourceVersionDate "2003.11.25"]
[SourceQuality "1"]

1. Nf3 c5 2. g3 Nc6 3. d4 cxd4 4. Nxd4 g6 5. Bg2 Bg7 6. Nxc6 dxc6 7. Qxd8+ Kxd8 8. Nd2 Bd7 9. 0-0 Kc7 10. Nc4 f6 11. Bd2 Be6 12. Bf4+ Kc8 13. Na5 Bd7 14. Rad1 e5 15. Be3 Bf5 16. f4 Ne7 17. fxe5 fxe5 18. Bg5 Nd5 19. e4 h6 20. exf5 hxg5 21. Bxd5 cxd5 22. f6 Bh6 23. Rxd5 Kc7 24. Rxe5 Rae8 25. Nc4 b5 26. f7 1-0

[Event "Wuerttemberg candidate op"]
[Site "Oeffingen"]
[Date "2002.08.31"]
[Round "8"]
[White "Raff, Andreas"]
[Black "Gritsch, Christoph"]
[Result "0-1"]
[WhiteElo "2084"]
[BlackElo "2201"]
[PlyCount "75"]
[EventDate "2002.??.??"]
[EventType "swiss"]
[EventRounds "9"]
[EventCountry "GER"]
[SourceTitle "EXT 2004"]
[Source "ChessBase"]
[SourceDate "2003.11.25"]
[SourceVersion "1"]
[SourceVersionDate "2003.11.25"]
[SourceQuality "1"]

1. Nf3 Nf6 2. g3 d5 3. Bg2 c6 4. 0-0 Bf5 5. d3 Nbd7 6. Nbd2 h6 7. c3 e5 8. e4 dxe4 9. dxe4 Nxe4 10. Re1 Nxd2 11. Nxe5 Nxe5 12. Rxe5+ Be6 13. Bxd2 Qf6 14. Ra5 Qd8 15. Qa4 Qxd2 16. Bxc6+ Ke7 17. Bxb7 Qxb2 18. Qb4+ Qxb4 19. cxb4 Rd8 20. Rxa7 Rd7 21. b5 Kf6 22. a4 Bc5 23. Ra8 Rxa8 24. Bxa8 Rd2 25. a5 Rxf2 26. Kh1 Ra2 27. Rf1+ Ke7 28. a6 Rb2 29. Bc6 Rxb5 30. Rc1 Bb6 31. Ra1 Rc5 32. Bf3 Ba7 33. Kg2 g5 34. Rb1 Rc7 35. h4 g4 36. Bb7 Rd7 37. Kf1 Rd6 38. Rb5 0-1

[Event "Wuerttemberg candidate op"]
[Site "Oeffingen"]
[Date "2002.08.27"]
[Round "4"]
[White "Probst, Alexander"]
[Black "Gritsch, Christoph"]
[Result "0-1"]
[WhiteElo "2113"]
[BlackElo "2201"]
[PlyCount "118"]
[EventDate "2002.??.??"]
[EventType "swiss"]
[EventRounds "9"]
[EventCountry "GER"]
[SourceTitle "EXT 2004"]
[Source "ChessBase"]
[SourceDate "2003.11.25"]
[SourceVersion "1"]
[SourceVersionDate "2003.11.25"]
[SourceQuality "1"]

1. e4 c5 2. Nf3 Nc6 3. Nc3 d6 4. d4 cxd4 5. Nxd4 e5 6. Ndb5 Nf6 7. a4 Be6 8. Nd5 Rc8 9. Bg5 Bxd5 10. exd5 Ne7 11. Nc3 a6 12. Bd3 Qa5 13. Bxf6 Nxd5 14. Bb5+ axb5 15. Qxd5 Rc5 16. Qxb7 Rxc3 17. 0-0 Qc7 18. Qxb5+ Rc6 19. Bg5 Be7 20. Bd2 0-0 21. Ba5 Qc8 22. Bc3 f5 23. a5 f4 24. Qd5+ Kh8 25. f3 Qa6 26. Qe6 Qa7+ 27. Kh1 Rf6 28. Qd5 Qa6 29. Rfd1 h5 30. Qd3 Qa8 31. a6 g5 32. Be1 d5 33. Qxd5 Rfd6 34. Qxe5+ Bf6 35. Qb5 Rxd1 36. Rxd1 Qxa6 37. Qxa6 Rxa6 38. c3 Ra2 39. Rb1 Kg7 40. Kg1 Kf7 41. Kf1 Ke6 42. Ke2 Kf5 43. Kd3 g4 44. Bf2 h4 45. fxg4+ Kxg4 46. h3+ Kf5 47. Bc5 Ra8 48. b4 Rg8 49. Rb2 Rg3+ 50. Kc2 Rxg2+ 51. Kb1 Rg3 52. Rf2 Rxc3 53. Bd6 Be5 54. Be7 Rxh3 55. Kc2 Rc3+ 56. Kd2 h3 57. Ke2 Ke4 58. Bh4 h2 59. Rf1 Rh3 0-1

[Event "Leinfelden op"]
[Site "Leinfelden"]
[Date "2002.??.??"]
[Round "8"]
[White "Gritsch, Christoph"]
[Black "Duppel, Matthias"]
[Result "0-1"]
[WhiteElo "2127"]
[BlackElo "2446"]
[PlyCount "74"]
[EventDate "2002.08.17"]
[EventType "swiss"]
[EventRounds "9"]
[EventCountry "GER"]
[SourceTitle "EXT 2003"]
[Source "ChessBase"]
[SourceDate "2002.11.25"]
[SourceVersion "1"]
[SourceVersionDate "2002.11.25"]
[SourceQuality "1"]

1. e4 e6 2. d4 d5 3. Nc3 Nf6 4. exd5 exd5 5. Bd3 Nc6 6. Nge2 Nb4 7. Bg5 Be7 8. 0-0 0-0 9. a3 Nxd3 10. Qxd3 Re8 11. Rfe1 c6 12. Ng3 h6 13. Bxf6 Bxf6 14. Nh5 Be7 15. Qg3 g6 16. Re3 Kh7 17. Qf4 f5 18. Ng3 Bg5 19. Rxe8 Qxe8 20. Qc7+ Qe7 21. Qxe7+ Bxe7 22. Re1 Bf6 23. Nge2 g5 24. Nd1 f4 25. f3 a5 26. c3 Bf5 27. Nc1 b5 28. Nf2 b4 29. axb4 axb4 30. Ng4 Bg7 31. Ne5 bxc3 32. bxc3 Ra3 33. Ne2 c5 34. g3 fxg3 35. Nxg3 Bc8 36. Re3 cxd4 37. Rd3 Bxe5 0-1

[Event "Boeblingen op 18th"]
[Site "Boeblingen"]
[Date "2001.12.29"]
[Round "7"]
[White "Gheng, Josef"]
[Black "Gritsch, Christoph"]
[Result "1-0"]
[WhiteElo "2340"]
[BlackElo "2127"]
[PlyCount "69"]
[EventDate "2001.12.26"]
[EventType "swiss"]
[EventRounds "9"]
[EventCountry "GER"]
[SourceTitle "EXT 2003"]
[Source "ChessBase"]
[SourceDate "2002.11.25"]
[SourceVersion "1"]
[SourceVersionDate "2002.11.25"]
[SourceQuality "1"]

1. e4 e5 2. Nf3 d6 3. d4 exd4 4. Qxd4 Nc6 5. Bb5 Bd7 6. Bxc6 Bxc6 7. Bg5 Nf6 8. Nc3 Be7 9. 0-0-0 0-0 10. e5 Ne8 11. Bxe7 Qxe7 12. Nd5 Qe6 13. Ng5 Qxe5 14. Qh4 h6 15. Nf3 Qe6 16. Rhe1 Qd7 17. Ne5 Qd8 18. Qxd8 Rxd8 19. Ne7+ Kh7 20. N7xc6 bxc6 21. Nxc6 Rd7 22. Rd4 Nf6 23. Ra4 Nd5 24. Rxa7 Nf4 25. Ra4 Ne6 26. b4 g5 27. Ra7 d5 28. a4 d4 29. Ne5 Rd6 30. g3 Kg7 31. Kd2 Rb8 32. b5 Kf6 33. Nd3 c5 34. Ne5 Rbd8 35. Rxf7# 1-0

[Event "Boeblingen op 18th"]
[Site "Boeblingen"]
[Date "2001.12.28"]
[Round "5"]
[White "Buhmann, Rainer"]
[Black "Gritsch, Christoph"]
[Result "1-0"]
[WhiteElo "2505"]
[BlackElo "2127"]
[PlyCount "57"]
[EventDate "2001.12.26"]
[EventType "swiss"]
[EventRounds "9"]
[EventCountry "GER"]
[SourceTitle "EXT 2003"]
[Source "ChessBase"]
[SourceDate "2002.11.25"]
[SourceVersion "1"]
[SourceVersionDate "2002.11.25"]
[SourceQuality "1"]

1. Nf3 Nf6 2. c4 c6 3. d4 d5 4. e3 Bg4 5. Nbd2 e6 6. Be2 Nbd7 7. h3 Bh5 8. 0-0 Bd6 9. b3 0-0 10. Bb2 Qe7 11. Ne5 Bxe2 12. Qxe2 Ba3 13. Bxa3 Qxa3 14. Nd3 Qe7 15. e4 dxe4 16. Nxe4 Rad8 17. Rad1 Rfe8 18. Rfe1 h6 19. Ng3 Qa3 20. Rd2 a5 21. Red1 c5 22. Ne5 Rb8 23. Nh5 cxd4 24. Nxd7 Nxd7 25. Rxd4 Nf8 26. Qe5 f6 27. Qg3 Qe7 28. Rd7 Rbd8 29. Rxd8 1-0

[Event "Boeblingen op 18th"]
[Site "Boeblingen"]
[Date "2001.12.28"]
[Round "4"]
[White "Gritsch, Christoph"]
[Black "Kessler, Dietmar"]
[Result "1-0"]
[WhiteElo "2129"]
[BlackElo "2273"]
[PlyCount "79"]
[EventDate "2001.12.26"]
[EventType "swiss"]
[EventRounds "9"]
[EventCountry "GER"]
[SourceTitle "EXT 2005"]
[Source "ChessBase"]
[SourceDate "2004.11.15"]
[SourceVersion "1"]
[SourceVersionDate "2004.11.15"]
[SourceQuality "1"]

1. e4 g6 2. d4 Bg7 3. Nc3 c6 4. Nf3 d6 5. Be2 b5 6. a3 a6 7. Be3 Nd7 8. 0-0 Qc7 9. Qd2 Nb6 10. h3 Nf6 11. Bh6 0-0 12. Bxg7 Kxg7 13. Rad1 Bb7 14. e5 Nfd5 15. Nxd5 Nxd5 16. exd6 exd6 17. Rfe1 Rfe8 18. Bd3 Re7 19. Rxe7 Qxe7 20. Re1 Qf6 21. Ng5 Qxd4 22. Nxf7 Qf6 23. Qh6+ Kxf7 24. Qxh7+ Qg7 25. Bxg6+ Kf8 26. Qh5 Kg8 27. Qf5 Rf8 28. Qe6+ Kh8 29. Qxd6 Qf6 30. Qc5 Rg8 31. Bd3 Nf4 32. Re7 Rxg2+ 33. Kh1 Bc8 34. Be4 Rg7 35. Re8+ Rg8 36. Re7 Rf8 37. Re5 Bxh3 38. Rh5+ Nxh5 39. Qxh5+ Kg7 40. Qh7# 1-0

[Event "Schneider Bohemia op-A"]
[Site "Plzen"]
[Date "2000.??.??"]
[Round "?"]
[White "Gritsch, Christoph"]
[Black "Barton, Ondrej"]
[Result "1/2-1/2"]
[WhiteElo "2155"]
[BlackElo "1940"]
[PlyCount "38"]
[EventDate "2000.??.??"]
[EventType "swiss"]
[EventRounds "9"]
[EventCountry "CZE"]
[SourceTitle "EXT 2003"]
[Source "ChessBase"]
[SourceDate "2002.11.25"]
[SourceVersion "1"]
[SourceVersionDate "2002.11.25"]
[SourceQuality "1"]

1. e4 d5 2. exd5 Nf6 3. Bb5+ Bd7 4. Bc4 Bg4 5. f3 Bh5 6. Nc3 Nbd7 7. Nge2 a6 8. d3 b5 9. Bb3 Nc5 10. Bf4 Nxb3 11. axb3 b4 12. Ne4 Nxd5 13. 0-0 e5 14. Bd2 Be7 15. N4g3 Bg6 16. f4 exf4 17. Nxf4 Nxf4 18. Bxf4 0-0 19. Kh1 Bf6 1/2-1/2

[Event "Ceske Budejovice op"]
[Site "Ceske Budejovice"]
[Date "2000.??.??"]
[Round "5"]
[White "Straka, Zdenek"]
[Black "Gritsch, Christoph"]
[Result "0-1"]
[WhiteElo "1925"]
[BlackElo "2155"]
[PlyCount "118"]
[EventDate "2000.??.??"]
[EventType "swiss"]
[EventRounds "9"]
[EventCountry "CZE"]
[SourceTitle "EXT 2003"]
[Source "ChessBase"]
[SourceDate "2002.11.25"]
[SourceVersion "1"]
[SourceVersionDate "2002.11.25"]
[SourceQuality "1"]

1. d4 Nf6 2. Nf3 d5 3. Bg5 Ne4 4. Bf4 Nd7 5. e3 c5 6. c3 e6 7. Nbd2 Nxd2 8. Qxd2 c4 9. Be2 Be7 10. 0-0 0-0 11. Rae1 b5 12. Bd1 Bb7 13. Bc2 f5 14. Ne5 Nxe5 15. Bxe5 Bd6 16. f4 Bxe5 17. fxe5 Rf7 18. Qe2 a5 19. Qh5 g6 20. Qh6 Qf8 21. Qxf8+ Kxf8 22. Kf2 Bc6 23. Ke2 Ke7 24. Kd2 g5 25. Rf2 h5 26. Ref1 Raf8 27. g3 g4 28. Bd1 Rg7 29. Rg1 Be8 30. Rfg2 Rh8 31. Ke1 h4 32. Kd2 hxg3 33. hxg3 Rgh7 34. Ke1 Rh3 35. Kf1 b4 36. Rd2 Bb5 37. Rdg2 Ba6 38. Ke1 Bb5 39. Kf1 Bc6 40. Ke1 bxc3 41. bxc3 Rb8 42. Kd2 Rhh8 43. Kc1 Rb6 44. Rb2 Rxb2 45. Kxb2 Rh2+ 46. Kc1 Rxa2 47. Bc2 Ra1+ 48. Bb1 Ra3 49. Kd2 Ba4 50. Rh1 Rb3 51. Bc2 Rb2 52. Rc1 Bb3 53. Kd1 a4 54. Bxb3 axb3 55. Ra1 Ra2 56. Rb1 Rg2 57. Kc1 Rxg3 58. Kb2 Rxe3 59. Rg1 g3 0-1

[Event "Ceske Budejovice op"]
[Site "Ceske Budejovice"]
[Date "1999.??.??"]
[Round "3"]
[White "Gritsch, Christoph"]
[Black "Belaska, Premysl"]
[Result "0-1"]
[WhiteElo "2180"]
[BlackElo "2285"]
[PlyCount "78"]
[EventDate "1999.??.??"]
[EventType "swiss"]
[EventRounds "9"]
[EventCountry "CZE"]
[SourceTitle "EXT 2000"]
[Source "ChessBase"]
[SourceDate "1999.11.16"]
[SourceVersion "1"]
[SourceVersionDate "1999.11.16"]
[SourceQuality "1"]

1. e4 c5 2. c3 e5 3. Nf3 Nc6 4. Bc4 Nf6 5. Ng5 d5 6. exd5 Nxd5 7. Qf3 Qxg5 8. Bxd5 Qg6 9. 0-0 Bf5 10. Bxc6+ bxc6 11. Re1 0-0-0 12. Rxe5 Bd3 13. Re3 Kb7 14. Na3 c4 15. Nb5 f5 16. Nd4 Be4 17. Rxe4 fxe4 18. Qe2 Bc5 19. Qxc4 Bxd4 20. cxd4 Qf6 21. Qb3+ Ka8 22. d3 Qxd4 23. Be3 Qxd3 24. Qa4 Qd7 25. Bg5 Rde8 26. Rd1 Qb7 27. Rd6 Qb5 28. Qc2 Rc8 29. Be3 Rhd8 30. Rxd8 Rxd8 31. h3 Rd3 32. a4 Qd5 33. b4 Qd6 34. g3 Rxe3 35. fxe3 Qxg3+ 36. Qg2 Qxg2+ 37. Kxg2 g5 38. h4 gxh4 39. Kh3 a5 0-1

[Event "Montecatini Terme op"]
[Site "Montecatini Terme"]
[Date "1998.??.??"]
[Round "6"]
[White "De Waal, Ton"]
[Black "Gritsch, Christoph"]
[Result "1/2-1/2"]
[WhiteElo "2275"]
[BlackElo "2175"]
[PlyCount "28"]
[EventDate "1998.??.??"]
[EventType "swiss"]
[EventRounds "9"]
[EventCountry "ITA"]
[SourceTitle "EXT 2000"]
[Source "ChessBase"]
[SourceDate "1999.11.16"]
[SourceVersion "1"]
[SourceVersionDate "1999.11.16"]
[SourceQuality "1"]

1. e4 c5 2. Nc3 Nc6 3. g3 g6 4. Bg2 Bg7 5. d3 d6 6. f4 e6 7. Nf3 Nge7 8. 0-0 0-0 9. Be3 b6 10. d4 e5 11. fxe5 cxd4 12. Nxd4 Nxd4 13. Bxd4 dxe5 14. Be3 Ba6 1/2-1/2